Statistiken für Top 15 Länder mit Covid-19-Todesfällen - 17. Dezember

Klicken Sie hier um das Quiz zu spielen!

Allgemein

  • Dieses Quiz wurde 9 mal gespielt
  • Das Durchschnittsergebnis liegt bei 16 aus 22

Antwortstatistiken

Land% Korrekt
Brasilien
100%
Indien
100%
Italien
100%
Vereinigtes Königreich
100%
Vereinigte Staaten
100%
Argentinien
89%
Deutschland
89%
Frankreich
89%
Russland
89%
Belgien
78%
Kolumbien
78%
Spanien
78%
Iran
67%
Mexiko
67%
Polen
67%
Peru
56%
Tschechien
56%
Armenien
44%
Bosnien und
Herzegowina
44%
Slowenien
44%
Bulgarien
22%
Nordmazedonien
22%

Verteilung der Resultate

Perzentil nach korrekt beantworteten Fragen

Anzahl Personen mit jedem Resultat

Ihre Resultats-Entwicklung

Sie haben dieses Quiz noch nicht gespielt